000 00304nam a2200109Ia 4500
008 220204s9999 xx 000 0 und d
082 _a630*81(540)
_bBRO
100 _aH P
245 0 _aElementary manual on Indian wood technology
260 _aDehradun
_bInternational Book distributors
_c1989
942 _cBK
999 _c40055
_d40055